[Event "RLEV #3"]
[Site "SchemingMind.com"]
[Date "2009.08.25"]
[Round "-"]
[White "phusarik"]
[Black "Aumonde"]
[Result "0-1"]
[WhiteCountry "SVK"]
[BlackCountry "USA"]
[WhiteElo "1964"]
[WhiteRD "80"]
[BlackElo "2217"]
[BlackRD "68"]
[GameID "217406"]

1. e4 e5 2. Nf3 Nc6 3. Bb5 a6 4. Bxc6 dxc6 5. d4 exd4 6. Qxd4 Qxd4 7. Nxd4 Bd7 8. Nc3 Bb4 9. Ne2 O-O-O 10. Be3 Nf6
11. O-O-O Ng4 12. h3 Nxe3 13. fxe3 Rhe8 14. Rhf1 f6 15. a3 Bd6 16. Nd4 Be5 17. Nde2 c5 18. Nd5 Bc6 19. c4 b5 20. cxb5 axb5
21. Rd2 Bd6 22. Rfd1 Rxe4 23. Nec3 Ree8 24. b4 Kb7 25. Kc2 Ra8 26. bxc5 Bxc5 27. Rb1 Rxa3 28. Nxb5 Bxb5 29. Rxb5+ Kc6 30. Rb2 Bxe3
31. Nb4+ Kc5 32. Nd3+ Kd6 33. Rd1 Bd4 34. Nf4 Re4
0-1

[Event "RLEV #3"]
[Site "SchemingMind.com"]
[Date "2009.08.25"]
[Round "-"]
[White "Aumonde"]
[Black "phusarik"]
[Result "1-0"]
[WhiteCountry "USA"]
[BlackCountry "SVK"]
[WhiteElo "2217"]
[WhiteRD "68"]
[BlackElo "1964"]
[BlackRD "80"]
[GameID "217407"]

1. e4 e5 2. Nf3 Nc6 3. Bb5 a6 4. Bxc6 dxc6 5. d4 exd4 6. Qxd4 Qxd4 7. Nxd4 Bd7 8. Be3 O-O-O 9. Nc3 Re8 10. O-O-O c5
11. Nb3 b6 12. Nd2 Nf6 13. f3 g6 14. Rhe1 Bg7 15. Kb1 Bc6 16. Nc4 Nd7 17. Nd5 Bb5 18. Na3 Bc6 19. Bg5 Kb7 20. Nc4 Ne5
21. Nxe5 Bxe5 22. Bf6 Bxf6 23. Nxf6 Rd8 24. Rxd8 Rxd8 25. Nxh7 Rh8 26. Ng5 Rxh2 27. Nxf7 Rxg2 28. Nd8+ Kc8 29. Nxc6 Kd7 30. Nb8+ Ke6
31. Nxa6 Ke5 32. f4+ Kxf4 33. e5 Rh2 34. e6
1-0

[Event "RLEV #3"]
[Site "SchemingMind.com"]
[Date "2009.09.03"]
[Round "-"]
[White "mi_di"]
[Black "Aumonde"]
[Result "0-1"]
[WhiteCountry "MEX"]
[BlackCountry "USA"]
[WhiteElo "2217"]
[WhiteRD "74"]
[BlackElo "2298"]
[BlackRD "61"]
[GameID "217846"]

1. e4 e5 2. Nf3 Nc6 3. Bb5 a6 4. Bxc6 dxc6 5. O-O Bg4 6. h3 h5 7. d3 Qf6 8. Be3 Bxf3 9. Qxf3 Qxf3 10. gxf3 Bd6
11. Nd2 Ne7 12. Nc4 Ng6 13. Kh2 Be7 14. Rg1 O-O 15. Rad1 Rfe8 16. Bg5 Nh4 17. Bxh4 Bxh4 18. Kg2 Rad8 19. Kf1 c5 20. Ke2 g6
21. a4 Bf6 22. Ne3 Bg7 23. Nd5 c6 24. Ne3 b6 25. Nc4 Rb8 26. Ne3= Bh6 27. Ra1 Kh7 28. Nc4 f6 29. Ra3 Red8 30. Rb3 b5
31. axb5 axb5 32. Ne3 Ra8 33. Ra3 Rxa3 34. bxa3 Ra8 35. Ra1 Ra4 36. c3 Bxe3 37. fxe3 b4 38. cxb4 cxb4 39. d4 exd4 40. exd4 Kg7
41. d5 cxd5 42. exd5 Kf7 43. Kd2 bxa3 44. Kc3 g5 45. Kb3 Ra5 46. Kb4 Rxd5 47. Rxa3 Rd4+
0-1

[Event "RLEV #3"]
[Site "SchemingMind.com"]
[Date "2009.09.04"]
[Round "-"]
[White "mi_di"]
[Black "phusarik"]
[Result "1-0"]
[WhiteCountry "MEX"]
[BlackCountry "SVK"]
[WhiteElo "2244"]
[WhiteRD "72"]
[BlackElo "1983"]
[BlackRD "87"]
[GameID "217847"]

1. e4 e5 2. Nf3 Nc6 3. Bb5 a6 4. Bxc6 dxc6 5. Nc3 f6 6. d4 exd4 7. Qxd4 Qxd4 8. Nxd4 c5 9. Nde2 Be6 10. Nf4 Bf7
11. O-O O-O-O 12. Be3 b6 13. Rad1 Ne7 14. Rxd8+ Kxd8 15. Rd1+ Kc8 16. a4 Nc6 17. Nfd5 Bd6 18. Nxb6+ cxb6 19. Rxd6 Kc7 20. Rd2 Rd8
21. Rxd8 Kxd8 22. Nd5 Bxd5 23. exd5 Nb4 24. c4 Kd7 25. Bd2 Kd6 26. f4 Nd3 27. b3 h6 28. Kf1 g5 29. Ke2 Nb4 30. Bxb4 cxb4
31. Ke3 b5 32. axb5 axb5 33. cxb5 Kxd5 34. b6 Kc6 35. Kd4 gxf4 36. Kc4 Kxb6 37. Kxb4 h5 38. Kc4 h4 39. h3 Kc6 40. b4 f5
41. Kd4 Kb5 42. Ke5 Kxb4 43. Kxf4 Kc5 44. Kxf5 Kd6 45. Kg5 Ke7 46. Kxh4 Kf6 47. g4 Kg6 48. g5 Kg7 49. Kh5 Kh7 50. g6+ Kg7
51. Kg5 Kg8 52. Kf6 Kf8 53. g7+
1-0

[Event "RLEV #3"]
[Site "SchemingMind.com"]
[Date "2009.08.29"]
[Round "-"]
[White "Aumonde"]
[Black "mi_di"]
[Result "1/2-1/2"]
[WhiteCountry "USA"]
[BlackCountry "MEX"]
[WhiteElo "2264"]
[WhiteRD "65"]
[BlackElo "2244"]
[BlackRD "72"]
[GameID "217848"]

1. e4 e5 2. Nf3 Nc6 3. Bb5 a6 4. Bxc6 dxc6 5. d3 Bd6 6. Nbd2 Ne7 7. Nc4 Ng6 8. O-O O-O 9. Be3 f5 10. Ng5 f4
11. Qh5 h6 12. Qxg6 hxg5 13. Bd2 Qf6 14. Qxf6 gxf6 15. Na5 Kf7 16. a4 Rh8 17. b4 Rb8 18. Rfb1 Bd7 19. f3 b6 20. Nb3 g4
21. fxg4 Bxg4 22. a5 Rbg8 23. Rf1 Bh3 24. Rf2 Rh7 25. Kh1 Bc8 26. Bc3 Rgh8 27. h3 Bxh3 28. gxh3 Rxh3+ 29. Kg2 Rh2+ 30. Kf1 Rxf2+
31. Kxf2 Rh2+ 32. Kf1 Rxc2 33. Rc1 Rxc1+ 34. Nxc1 f5 35. Kf2 Kf6 36. Kf3 Kg5 37. Nb3 Kf6 38. d4 Ke6 39. dxe5 Bxe5 40. exf5+ Kxf5
41. Bd2 Bd6 42. Nd4+ Ke5 43. Nxc6+ Kd5 44. Nb8 Kc4 45. Nxa6 bxa5 46. bxa5 c5 47. Ke4=
1/2-1/2

[Event "RLEV #3"]
[Site "SchemingMind.com"]
[Date "2009.08.31"]
[Round "-"]
[White "phusarik"]
[Black "mi_di"]
[Result "0-1"]
[WhiteCountry "SVK"]
[BlackCountry "MEX"]
[WhiteElo "1964"]
[WhiteRD "80"]
[BlackElo "2273"]
[BlackRD "76"]
[GameID "217849"]

1. e4 e5 2. Nf3 Nc6 3. Bb5 a6 4. Bxc6 dxc6 5. d4 exd4 6. Qxd4 Qxd4 7. Nxd4 Nf6 8. f3 Bd7 9. Be3 O-O-O 10. Nc3 Bd6
11. O-O-O h6 12. Rhe1 Bxh2 13. Nce2 Be5 14. c3 c5 15. Nc2 Bd6 16. Nf4 b6 17. b3 Bc6 18. Nd3 Bg3 19. Re2 Rd7 20. Red2 Bxe4
21. fxe4 Nxe4 22. Nxc5 Rxd2 23. Nxe4 Rxg2 24. Ne1 Bxe1 25. Rxe1 Rxa2 26. Kb1 Rg2 27. Bd4 Rd8 28. b4 f5
0-1

[Event "RLEV #3"]
[Site "SchemingMind.com"]
[Date "2009.09.04"]
[Round "-"]
[White "Manuel Angel"]
[Black "Aumonde"]
[Result "1-0"]
[WhiteCountry "ESP"]
[BlackCountry "USA"]
[WhiteElo "2141"]
[WhiteRD "81"]
[BlackElo "2210"]
[BlackRD "67"]
[GameID "218156"]

1. e4 e5 2. Nf3 Nc6 3. Bb5 a6 4. Bxc6 dxc6 5. O-O f6 6. d4 Bg4 7. c3 exd4 8. cxd4 Bxf3 9. Qxf3 Qxd4 10. Rd1 Qe5
11. Bf4 Qxb2 12. Nd2 Rd8 13. Rab1 Qxa2 14. Rxb7 Qc2 15. e5 f5 16. e6 Nf6 17. Rb2 Qc5 18. Bxc7 Rc8 19. Rb7 Qd5 20. Qe2 Be7
21. Nc4 Qe4 22. Qa2 c5 23. Qa4+ Kf8 24. Qxa6 Re8 25. f3 Qc2 26. Ne3 Qc3 27. Bf4 h6 28. Qa7 Kg8 29. Rxe7 Rxe7 30. Qxe7 Kh7
31. Nxf5 Nd5 32. Qd6 Nxf4 33. Qxf4 Re8 34. Qe4 Kh8 35. Nd6 Qb3 36. Rd5
1-0

[Event "RLEV #3"]
[Site "SchemingMind.com"]
[Date "2009.09.05"]
[Round "-"]
[White "Manuel Angel"]
[Black "phusarik"]
[Result "1-0"]
[WhiteCountry "ESP"]
[BlackCountry "SVK"]
[WhiteElo "2141"]
[WhiteRD "81"]
[BlackElo "2005"]
[BlackRD "85"]
[GameID "218157"]

1. e4 e5 2. Nf3 Nc6 3. Bb5 a6 4. Bxc6 dxc6 5. O-O Qd6 6. Na3 Be6 7. b3 O-O-O 8. Nc4 Bxc4 9. bxc4 f6 10. d3 Ne7
11. Be3 c5 12. Rb1 Nc6 13. Nd2 g5 14. Nb3 Nd4 15. Bxd4 exd4 16. f4 h6 17. e5 fxe5 18. Na5 b6 19. fxe5 Qe6 20. Rf6 Qxe5
21. Qg4+ Rd7 22. Re6 Qxe6 23. Qxe6 bxa5 24. Qxa6+ Kd8 25. Qa8+ Ke7 26. Qe4+ Kd6 27. Re1
1-0

[Event "RLEV #3"]
[Site "SchemingMind.com"]
[Date "2009.09.05"]
[Round "-"]
[White "Manuel Angel"]
[Black "mi_di"]
[Result "1-0"]
[WhiteCountry "ESP"]
[BlackCountry "MEX"]
[WhiteElo "2240"]
[WhiteRD "80"]
[BlackElo "2261"]
[BlackRD "76"]
[GameID "218158"]

1. e4 e5 2. Nf3 Nc6 3. Bb5 a6 4. Bxc6 dxc6 5. O-O Bg4 6. h3 Bh5 7. d3 f6 8. Be3 Bd6 9. c4 c5 10. Nbd2 a5
11. Re1 Ne7 12. Nf1 Bf7 13. Nh4 Qd7 14. Ng3 O-O-O 15. Nhf5 Nxf5 16. Nxf5 Bf8 17. Qd2 b6 18. Rad1 Kb7 19. Qe2 g6 20. Nh4 Be7
21. b3 h5 22. Qf3 g5 23. Nf5 g4 24. Qg3 Be6 25. hxg4 hxg4 26. Qxg4 Rdg8 27. Qf3 Rh7 28. Bc1 Rgh8 29. Kf1 Rh5 30. Ne3 Rh1+
31. Ke2 R1h2 32. Kd2 a4 33. Kc2 Ra8 34. Bb2 a3 35. Bc1 Qd4 36. Kb1 Rh7 37. Qe2 Qd8 38. Rh1 Qh8 39. Rxh7 Qxh7 40. Qf3 Bd8
41. g4 Qd7 42. Nf5 c6 43. Rh1 b5 44. Rh6 Kb6 45. Qe3 bxc4 46. dxc4 Qd1 47. f3 Bxc4 48. bxc4 Ra4 49. Qd2
1-0

[Event "RLEV #3"]
[Site "SchemingMind.com"]
[Date "2009.09.04"]
[Round "-"]
[White "Aumonde"]
[Black "Manuel Angel"]
[Result "0-1"]
[WhiteCountry "USA"]
[BlackCountry "ESP"]
[WhiteElo "2209"]
[WhiteRD "69"]
[BlackElo "2246"]
[BlackRD "77"]
[GameID "218159"]

1. e4 e5 2. Nf3 Nc6 3. Bb5 a6 4. Bxc6 dxc6 5. d4 exd4 6. Qxd4 Qxd4 7. Nxd4 Nf6 8. O-O Bc5 9. Nb3 Nxe4 10. N1d2 Nxd2
11. Re1+ Be7 12. Bxd2 Be6 13. Nd4 Rd8 14. Bc3 Bc8 15. Nb3 f6 16. Bb4 Rd7 17. Nc5 Kf7 18. a3 a5 19. Nxd7 axb4 20. Rad1 bxa3
21. bxa3 Rd8 22. Nb8 Bd6 23. Rb1 Bxa3 24. Red1 Bd6 25. h3 c5 26. Kf1 h5 27. Rb5 Re8 28. Re1 c6 29. Rxe8 Kxe8 30. Ra5 Kd8
31. Ra8 Kc7 32. Nxc6 bxc6 33. Ra7+ Bb7 34. Ke2 Be5 35. g4 hxg4 36. hxg4 c4 37. Ke3 g5 38. Ke2 Kb6 39. Ra3 Bc8 40. f3 Kc5
41. Ra8 Be6 42. Rh8 Kb4 43. Ra8 Kc3 44. Ra2 Bf7 45. Ke1 Bg6 46. Kd1 Bf4 47. Ke2= Bxc2 48. Ra6 Kd4 49. Rxc6 Bd3+ 50. Ke1 Ke3
51. Kd1 Be5
0-1

[Event "RLEV #3"]
[Site "SchemingMind.com"]
[Date "2009.09.05"]
[Round "-"]
[White "phusarik"]
[Black "Manuel Angel"]
[Result "0-1"]
[WhiteCountry "SVK"]
[BlackCountry "ESP"]
[WhiteElo "1964"]
[WhiteRD "80"]
[BlackElo "2157"]
[BlackRD "84"]
[GameID "218160"]

1. e4 e5 2. Nf3 Nc6 3. Bb5 a6 4. Bxc6 dxc6 5. d4 exd4 6. Qxd4 Qxd4 7. Nxd4 Nf6 8. O-O Bc5 9. c3 O-O 10. f3 Rd8
11. Be3 Nd7 12. Nd2 Ne5 13. N2b3 Bb6 14. Nd2 f6 15. Rad1 c5 16. Nc2 Be6 17. b3 Rd3 18. Nb1 Rxe3 19. Nxe3 c4 20. Rfe1 cxb3
21. axb3 Bxb3 22. Kf1 Bxe3 23. Rd4 Bc4+ 24. Rxc4 Nxc4 25. Rd1 a5 26. Ke2 a4 27. Rd7 Bf4 28. Kd3 Ne5+ 29. Kc2 Nxd7
0-1

[Event "RLEV #3"]
[Site "SchemingMind.com"]
[Date "2009.09.05"]
[Round "-"]
[White "mi_di"]
[Black "Manuel Angel"]
[Result "1/2-1/2"]
[WhiteCountry "MEX"]
[BlackCountry "ESP"]
[WhiteElo "2208"]
[WhiteRD "80"]
[BlackElo "2081"]
[BlackRD "76"]
[GameID "218161"]

1. e4 e5 2. Nf3 Nc6 3. Bb5 a6 4. Bxc6 dxc6 5. O-O Bg4 6. h3 h5 7. d3 Qf6 8. Nbd2 g5 9. Nc4 Bxf3 10. Qxf3 Qxf3
11. gxf3 f6 12. Be3 O-O-O 13. Rfd1 Rh7 14. a4 h4 15. Rd2 c5 16. a5 Bd6 17. Rad1 Ne7 18. Kf1 Nc6 19. c3 Bf8 20. Ke2=
1/2-1/2

[Event "RLEV #3"]
[Site "SchemingMind.com"]
[Date "2009.09.11"]
[Round "-"]
[White "Aadsje"]
[Black "phusarik"]
[Result "0-1"]
[WhiteCountry "NED"]
[BlackCountry "SVK"]
[WhiteElo "1833"]
[WhiteRD "60"]
[BlackElo "1952"]
[BlackRD "88"]
[GameID "219253"]

1. e4 e5 2. Nf3 Nc6 3. Bb5 a6 4. Bxc6 dxc6 5. O-O Qd6 6. Na3 Be6 7. Ng5 Bd7 8. Nf3 Be6 9. Qe2 f6 10. Rd1 Bg4
11. c3 O-O-O 12. d4 Qe6 13. dxe5 Rxd1+
0-1

[Event "RLEV #3"]
[Site "SchemingMind.com"]
[Date "2009.09.15"]
[Round "-"]
[White "Aadsje"]
[Black "Manuel Angel"]
[Result "0-1"]
[WhiteCountry "NED"]
[BlackCountry "ESP"]
[WhiteElo "1876"]
[WhiteRD "56"]
[BlackElo "2106"]
[BlackRD "72"]
[GameID "219255"]

1. e4 e5 2. Nf3 Nc6 3. Bb5 a6 4. Bxc6 dxc6 5. O-O Bg4 6. d3 Bd6 7. h3 Bh5 8. Nbd2 Nf6 9. Nc4 Qe7 10. Qe2 O-O
11. Bd2 h6 12. a3 Qe6 13. Ne3 a5 14. Nf5 Rfe8
0-1

[Event "RLEV #3"]
[Site "SchemingMind.com"]
[Date "2009.09.10"]
[Round "-"]
[White "phusarik"]
[Black "Aadsje"]
[Result "1-0"]
[WhiteCountry "SVK"]
[BlackCountry "NED"]
[WhiteElo "1952"]
[WhiteRD "88"]
[BlackElo "1833"]
[BlackRD "60"]
[GameID "219257"]

1. e4 e5 2. Nf3 Nc6 3. Bb5 a6 4. Bxc6 dxc6 5. d4 exd4 6. Qxd4 Qxd4 7. Nxd4 Bd7 8. Be3 O-O-O 9. Nd2 c5 10. Ne2 b6
11. O-O-O Ne7 12. f3 Nc6 13. Ng3
1-0

[Event "RLEV #3"]
[Site "SchemingMind.com"]
[Date "2009.09.11"]
[Round "-"]
[White "Manuel Angel"]
[Black "Aadsje"]
[Result "1-0"]
[WhiteCountry "ESP"]
[BlackCountry "NED"]
[WhiteElo "2106"]
[WhiteRD "72"]
[BlackElo "1876"]
[BlackRD "56"]
[GameID "219259"]

1. e4 e5 2. Nf3 Nc6 3. Bb5 a6 4. Bxc6 dxc6 5. O-O f6 6. d4 Bg4 7. h3 Bxf3 8. Qxf3 exd4 9. Qb3 b6 10. Nd2 Qd7
11. Nf3 c5 12. Rd1 O-O-O 13. Qd3 Qb5 14. c4 Qe8 15. a4
1-0

[Event "RLEV #3"]
[Site "SchemingMind.com"]
[Date "2009.09.18"]
[Round "-"]
[White "knightchaser"]
[Black "Aumonde"]
[Result "0-1"]
[WhiteCountry "MAS"]
[BlackCountry "USA"]
[WhiteElo "1944"]
[WhiteRD "90"]
[BlackElo "2217"]
[BlackRD "68"]
[GameID "220090"]

1. e4 e5 2. Nf3 Nc6 3. Bb5 a6 4. Bxc6 dxc6 5. b3 Nf6 6. Bb2 Nxe4 7. O-O Bd6 8. Re1 Nf6 9. Nxe5 O-O 10. Nc3 Bxe5
11. Rxe5 Ng4 12. Re2 Qd6 13. g3 Nf6 14. f3 Be6 15. Qe1 Rfe8 16. Rd1 c5 17. d3 Rad8 18. Qf2 b6 19. Rde1 c6 20. Na4 Nd7
21. Nc3 Nf6 22. Ne4 Nxe4 23. Rxe4 f6 24. f4 Bf7 25. Qf3 Rxe4 26. dxe4 Qd2 27. Re2 Qd1+ 28. Kg2 Qb1 29. Bc3 Qxa2 30. g4 Qb1
31. f5 Rd1 32. Qf4 Rg1+ 33. Kh3 h5 34. Qf2 hxg4+ 35. Kh4 g3 36. Qf4 Qd1 37. Qb8+ Kh7 38. Qc7 Qxe2 39. Qxf7 Qxh2+
0-1

[Event "RLEV #3"]
[Site "SchemingMind.com"]
[Date "2009.09.16"]
[Round "-"]
[White "knightchaser"]
[Black "phusarik"]
[Result "0-1"]
[WhiteCountry "MAS"]
[BlackCountry "SVK"]
[WhiteElo "1900"]
[WhiteRD "107"]
[BlackElo "2006"]
[BlackRD "93"]
[GameID "220091"]

1. e4 e5 2. Nf3 Nc6 3. Bb5 a6 4. Bxc6 dxc6 5. d3 f6 6. Nbd2 Be6 7. b3 Bc5 8. Bb2 Ne7 9. Nc4 Ng6 10. Ne3 Qd7
11. h4 h5 12. g3 O-O-O 13. Qd2 Bd4 14. Nxd4 exd4 15. Nf1 Bg4 16. Nh2 Ne5 17. f4 Nf3+ 18. Nxf3 Bxf3 19. Rf1 Bg4 20. Qa5 Bh3
21. Rg1 Qg4 22. Kf2 g5 23. hxg5 fxg5 24. Qxg5 Qxg5 25. fxg5 Rhf8+ 26. Ke1 Rf3 27. Bc1 Rdf8 28. Bf4 h4 29. Rd1 hxg3 30. Bxg3 Bg4
31. Rb1 Re3+ 32. Kd2 Re2+ 33. Kc1 Rg8 34. Bf4 Bh5 35. Be5 c5 36. Bf6 Kd7 37. Kb2 b5 38. Rbe1 Rf2 39. Ref1 Rxf1 40. Rxf1 Ke6
41. Rf2 Bg6 42. Kc1 Rf8 43. Kd2 Rf7 44. Rh2 Rh7 45. Rxh7 Bxh7 46. Ke2 Bg6 47. b4 cxb4 48. Bxd4 Kd6 49. c3 c5 50. Bf6 bxc3
51. Bxc3 b4 52. Bf6 a5 53. Kd2 c4 54. e5+ Kd5 55. dxc4+ Kxc4 56. Kc1 a4 57. e6 b3 58. axb3+ axb3 59. Kb2 Kb4 60. Be7+ Kc4=
61. Bf6 Kb4 62. Kc1 Kc4 63. Kd2 Kd5 64. e7 Bf7 65. Kc3 Kd6 66. g6 Bxg6
0-1

[Event "RLEV #3"]
[Site "SchemingMind.com"]
[Date "2009.09.20"]
[Round "-"]
[White "knightchaser"]
[Black "mi_di"]
[Result "0-1"]
[WhiteCountry "MAS"]
[BlackCountry "MEX"]
[WhiteElo "1944"]
[WhiteRD "90"]
[BlackElo "2273"]
[BlackRD "76"]
[GameID "220092"]

1. e4 e5 2. Nf3 Nc6 3. Bb5 a6 4. Bxc6 dxc6 5. d3 Bd6 6. Nbd2 Ne7 7. Nc4 f6 8. Ne3 c5 9. b3 b5 10. Bb2 O-O
11. g4 Be6 12. h4 a5 13. h5 a4 14. Nf5 a3 15. Bc3 b4 16. Bd2 Nc6 17. Be3 Qd7 18. Qd2 Rad8 19. O-O-O Nd4 20. N3h4 Nb5
21. g5 Nc3 22. Rdg1 fxg5 23. Bxg5 Bxf5 24. Nxf5 Rxf5 25. Bxd8 Rf3 26. Bg5 Be7 27. Be3 Nxa2+ 28. Kb1 Nc3+ 29. Ka1 Rf6 30. Rg2 Bf8
31. Rhg1 Qd6 32. Rg5 Kf7 33. f4 exf4 34. Bxc5 Nxe4 35. Bxd6 Nxd2 36. Bxf8 Kxf8 37. Rxg7 f3 38. c3 f2 39. Rg8+ Ke7 40. cxb4 fxg1=Q+
41. Rxg1 Rf1+ 42. Rxf1 Nxf1 43. Ka2 Ng3 44. h6 Nf5 45. Kxa3 Nxh6 46. Ka4 Nf5 47. Ka5 h5
0-1

[Event "RLEV #3"]
[Site "SchemingMind.com"]
[Date "2009.09.18"]
[Round "-"]
[White "knightchaser"]
[Black "Manuel Angel"]
[Result "0-1"]
[WhiteCountry "MAS"]
[BlackCountry "ESP"]
[WhiteElo "2011"]
[WhiteRD "96"]
[BlackElo "2200"]
[BlackRD "77"]
[GameID "220093"]

1. e4 e5 2. Nf3 Nc6 3. Bb5 a6 4. Bxc6 dxc6 5. O-O f6 6. d3 Bd6 7. h3 Ne7 8. Nbd2 O-O 9. b3 b5 10. Bb2 Ng6
11. c3 Nf4 12. d4 Qe8 13. Nh2 Qg6 14. Qf3 Bxh3 15. g3 f5 16. Rfe1 Bg2 17. Qe3 exd4 18. cxd4 fxe4 19. Nxe4 Bxe4
0-1

[Event "RLEV #3"]
[Site "SchemingMind.com"]
[Date "2009.09.18"]
[Round "-"]
[White "knightchaser"]
[Black "Aadsje"]
[Result "1-0"]
[WhiteCountry "MAS"]
[BlackCountry "NED"]
[WhiteElo "2076"]
[WhiteRD "96"]
[BlackElo "1876"]
[BlackRD "56"]
[GameID "220094"]

1. e4 e5 2. Nf3 Nc6 3. Bb5 a6 4. Bxc6 dxc6 5. O-O f6 6. d4 Bg4 7. c3 Bd6 8. Be3 Qe7 9. Nbd2 O-O-O 10. h3 Bh5
11. Qc2 Kb8 12. c4 exd4 13. Nxd4 Nh6 14. b4 Be5 15. Qc3 g5 16. g4
1-0

[Event "RLEV #3"]
[Site "SchemingMind.com"]
[Date "2009.09.18"]
[Round "-"]
[White "Aumonde"]
[Black "knightchaser"]
[Result "1-0"]
[WhiteCountry "USA"]
[BlackCountry "MAS"]
[WhiteElo "2190"]
[WhiteRD "67"]
[BlackElo "2060"]
[BlackRD "100"]
[GameID "220095"]

1. e4 e5 2. Nf3 Nc6 3. Bb5 a6 4. Bxc6 dxc6 5. d3 Bc5 6. Be3 Qd6 7. O-O Bg4 8. Nbd2 f6 9. Nc4 Qe7 10. Bxc5 Qxc5
11. b4 Qf8 12. a4 Ne7 13. c3 Ng6 14. Ne3 h5 15. h3 Bxf3 16. Qxf3 Nf4 17. d4 Qf7 18. Rfd1 g5 19. b5 cxb5 20. axb5 a5
21. Rd2 b6 22. dxe5 fxe5 23. Qd1 Ne6 24. Nc4 Qf4 25. Rd5 Qxe4 26. Rxe5 Qxc4 27. Ra4 Qxc3 28. Rxe6+ Kf7 29. Qd7+ Kg8 30. Rg6+ Kf8
31. Re4
1-0

[Event "RLEV #3"]
[Site "SchemingMind.com"]
[Date "2009.09.16"]
[Round "-"]
[White "phusarik"]
[Black "knightchaser"]
[Result "1-0"]
[WhiteCountry "SVK"]
[BlackCountry "MAS"]
[WhiteElo "2005"]
[WhiteRD "85"]
[BlackElo "2000"]
[BlackRD "96"]
[GameID "220096"]

1. e4 e5 2. Nf3 Nc6 3. Bb5 a6 4. Bxc6 dxc6 5. O-O f6 6. d4 Bg4 7. dxe5 Qxd1 8. Rxd1 fxe5 9. Rd3 Bd6 10. Nbd2 Nf6
11. Nc4 Nxe4 12. Nfxe5 Bxe5 13. Nxe5 Bf5 14. f3 Nd6 15. Re3 O-O-O 16. Re2 h6 17. b3 Rhe8 18. Bb2 Nb5 19. Rae1 Nd4 20. Bxd4 Rxd4
21. Kf1 Rf8 22. c3 Rd5 23. Kf2 g5 24. g4 Bd3 25. Nxd3 Rxd3 26. Re3 Rd6 27. Kg3 Rf7 28. h4 Kd7 29. hxg5 hxg5 30. Rh1 Rd2
31. Rh2 Rd1 32. Rh5 Rd5 33. c4 Rc5 34. Rh1 b5 35. Rd1+ Kc8 36. Re8+ Kb7 37. Rdd8
1-0

[Event "RLEV #3"]
[Site "SchemingMind.com"]
[Date "2009.09.20"]
[Round "-"]
[White "mi_di"]
[Black "knightchaser"]
[Result "1-0"]
[WhiteCountry "MEX"]
[BlackCountry "MAS"]
[WhiteElo "2261"]
[WhiteRD "76"]
[BlackElo "1955"]
[BlackRD "92"]
[GameID "220097"]

1. e4 e5 2. Nf3 Nc6 3. Bb5 a6 4. Bxc6 dxc6 5. O-O f6 6. d4 Bg4 7. dxe5 Qxd1 8. Rxd1 fxe5 9. Rd3 Bd6 10. Nbd2 Nf6
11. b3 O-O-O 12. Bb2 Rde8 13. Re1 Nh5 14. Nc4 Bxf3 15. Rxf3 Nf4 16. Rd1 Re6 17. Nxd6+ cxd6 18. g3 Nh3+ 19. Kg2 Ng5 20. Re3 Rhe8
21. h4 Nf7 22. Red3 Rd8 23. c4 c5 24. Bc3 b6 25. a4 a5 26. Bd2 Kc7 27. Rf3 Rd7 28. h5 Nd8 29. Rf8 Nc6 30. Rh8 g6
31. hxg6 hxg6 32. Bg5 Nd4 33. Rd3 Rf7 34. g4 Kd7 35. Bd8 Kc6 36. g5 Ne2 37. Rf3 Nf4+ 38. Kg3 Ne2+ 39. Kg4 Nf4 40. Bf6 Kd7
41. Rxf4 exf4 42. Kxf4 Re8 43. Rh6 Rg8 44. Ke3 Ke6 45. f4 Kd7 46. f5 gxf5 47. exf5 Rgf8 48. Kf4 Kc6 49. Rh3 d5 50. cxd5+ Kxd5
51. Rd3+ Kc6 52. Re3 Rb7 53. Re6+ Kd5 54. g6 b5 55. Be7 Rg8 56. Rd6#
1-0

[Event "RLEV #3"]
[Site "SchemingMind.com"]
[Date "2009.09.17"]
[Round "-"]
[White "Manuel Angel"]
[Black "knightchaser"]
[Result "1-0"]
[WhiteCountry "ESP"]
[BlackCountry "MAS"]
[WhiteElo "2200"]
[WhiteRD "77"]
[BlackElo "2011"]
[BlackRD "96"]
[GameID "220098"]

1. e4 e5 2. Nf3 Nc6 3. Bb5 a6 4. Bxc6 dxc6 5. O-O Bg4 6. h3 h5 7. d3 Qf6 8. Nbd2 Ne7 9. Re1 Ng6 10. d4 O-O-O
11. hxg4 hxg4 12. Nh2 Rh4 13. Nxg4 Qe6 14. Ne3 exd4 15. Nf5 Rh7 16. Nf3 f6 17. N3xd4 Qg8 18. f4 Bc5 19. Qg4 Kb8 20. Be3 Nh4
21. Nxc6+
1-0

[Event "RLEV #3"]
[Site "SchemingMind.com"]
[Date "2009.09.18"]
[Round "-"]
[White "Aadsje"]
[Black "knightchaser"]
[Result "0-1"]
[WhiteCountry "NED"]
[BlackCountry "MAS"]
[WhiteElo "1876"]
[WhiteRD "56"]
[BlackElo "2076"]
[BlackRD "96"]
[GameID "220099"]

1. e4 e5 2. Nf3 Nc6 3. Bb5 a6 4. Bxc6 dxc6 5. d3 f6 6. O-O Bc5 7. c3 Be6 8. d4 Bd6 9. dxe5 fxe5 10. Nxe5 Nf6
11. Nf3 Nd7 12. Bg5 Qb8 13. Nd4 Bc4 14. Qh5+ Bf7 15. Qh3 Qc8 16. Nf5 O-O
0-1